| 000 | 00000nam##2200000za#4500 |
| 001 | 9.573362 |
| 003 | CaOODSP |
| 005 | 20250129103332 |
| 007 | cr ||||||||||| |
| 008 | 150406|2007||||xxc|||||o f|0| 0 eng|d |
| 040 | |aCaOODSP|beng |
| 043 | |an-cn--- |
| 086 | 1 |aEn57-41/8-2007E-PDF |
| 110 | 2 |aMeteorological Service of Canada. |
| 245 | 10|aClimate-based predictions of forest biodiversity using Smithsonian's Global Earth Observing Network / |h[electronic resource]|cby M.B. Karsh ... [et al]. |
| 260 | |aToronto - Ontario : |bEnvironment Canada. |c2007. |
| 300 | |a16p.|bfigs., graphs, references |
| 490 | 1 |aOccasional paper|v8 |
| 590 | |a12-12-Supp|b2012-03-28 |
| 720 | 1 |aKarsh, M. B. |
| 775 | 08|tPrévisions climatiques de la biodiversité des forêts à l'aide du réseau mondial d'observation de la terre de la Smithsonian Institution / |w(CaOODSP)9.606716 |
| 830 | #0|aOccasional paper (Canada. Industry Canada)|v8|w(CaOODSP)9.506650 |
| 856 | 40|ahttp://publications.gc.ca|qPDF|s1.33 MB|uhttps://publications.gc.ca/collections/collection_2012/ec/En57-41-8-2007-eng.pdf|y8 |